| 000 | 00619nam a22001937a 4500 | ||
|---|---|---|---|
| 005 | 20250929163402.0 | ||
| 010 | _aENG-146888 | ||
| 020 |
_a9789358703566 _c725.00 |
||
| 035 | _aEN-130420 | ||
| 037 | _bDBAD | ||
| 082 |
_213 _a532.05 |
||
| 100 |
_aM.D. Raisinghania _985275 |
||
| 245 |
_aFluid Dynamics: _cM.D. Raisinghania _bWith Complete Hydrodynamics And Boundary Layer Theory/ |
||
| 250 | _a1 | ||
| 260 |
_aUttar Pradesh _bS. Chand Publishing _c2025 |
||
| 270 |
_aD-92, Sector-2, Noida _bUttar Pradesh _e201301 _k61-120-4682700 |
||
| 300 |
_avpp. _c24cm(pb) |
||
| 942 |
_2ddc _cEN _h532.05 _mRAI |
||
| 999 |
_c213511 _d213511 |
||